00378 a2200109 4500001000900000005001700009008004100026245009000067100002200157773007200179999001700251ART_342120260410161714.0260409a 10aComentario a "Sustitución de importaciones versus promoción de exportaciones ..."1 aGerchunoff, Pablo0 tDesarrollo económicog- Vol. 22, Nº 88 (ene./mar. 1983)wREV1174 c16375d16375